000 00484nam a2200217Ia 4500
003 OSt
005 20220923230740.0
006 a|||||r|||| 00| 0
007 ta
008 Pun
024 _a305,264
037 _cTextual
040 _aARTS
_cARTS
_bPun
041 _2Pun
_aPun
082 _aQ8441:332w, 153J6
245 0 _aਸੰਤ ਗਾਥਾ
260 _c1956
650 _aਧਰਮ
942 _hQ8441:332w, 153J6
_cTEXL
_2CC
999 _c387067
_d387067